International perspectives on ELT classroom interaction.
Saved in:
| Andre forfattere: | , |
|---|---|
| Format: | Ukendt |
| Udgivet: |
Basingstoke, United Kingdom:
Plagrave Macmillan,
2015.
|
| Serier: | International Perspectives on English Language Teaching.
|
| Fag: | |
| Tags: |
Tilføj Tag
Ingen Tags, Vær først til at tagge denne postø!
|
MARC
| LEADER | 00000 a2200000 4500 | ||
|---|---|---|---|
| 003 | CL-VaPUC | ||
| 005 | 20240821092812.0 | ||
| 008 | 240724t2015 ||||| |||| 00| 0 eng d | ||
| 999 | |c 444225 |d 444223 | ||
| 020 | |a 978-1-137-34072-6 | ||
| 040 | |c Pontificia Universidad Católica de Valparaíso | ||
| 082 | 7 | |2 22 |a 418.0071 JEN 2015 | |
| 100 | |a Jenks, Christopher |9 890257 |e editor | ||
| 245 | |a International perspectives on ELT classroom interaction. | ||
| 260 | |a Basingstoke, United Kingdom: |b Plagrave Macmillan, |c 2015. | ||
| 300 | |a 254 páginas | ||
| 440 | |a International Perspectives on English Language Teaching. |9 890258 | ||
| 583 | |k GC |c 20240724 | ||
| 650 | 0 | |9 453712 |a Lengua inglesa |x Adquisición |z España |z Canada |z Astria |z Australia |z Suecia | |
| 650 | 0 | |9 556822 |a Segunda lengua |x Adquisición |x Aprendizaje integrado de contenidos y lenguas extranjeras (Content and language integrated learning) | |
| 700 | |9 890307 |a Seedhouse, Paul |e editor | ||
| 942 | |2 ddc |c BK | ||
| 952 | |0 0 |1 0 |2 ddc |4 0 |6 418_007100000000000_JEN_2015 |7 0 |8 A |9 595926 |a BIBEDU |b BIBEDU |d 2024-07-23 |e 13 |g 57596.00 |i 5662281 |l 2 |o 418.0071 JEN 2015 |p 5662281 |r 2025-03-11 |s 2025-01-20 |t 1 |v 57596.00 |w 2024-07-23 |y BK |k LIT | ||